The 50 Greatest Albums of All Time - Statistics

General Stats
  • This quiz has been taken 437 times
  • The average score is 29 of 50
Answer Stats
Album Artist % Correct
Abbey Road The Beatles
97%
Sgt. Pepper's Lonely Hearts Club Band The Beatles
97%
Back In Black AC/DC
94%
Thriller Michael Jackson
94%
Dark Side of the Moon Pink Floyd
94%
The Wall Pink Floyd
94%
Hotel California Eagles
91%
In Utero Nirvana
91%
Nevermind Nirvana
91%
Purple Rain Prince
91%
_________ Metallica
88%
Master of Puppets Metallica
88%
Californication Red Hot Chili Peppers
88%
American Idiot Green Day
86%
Paranoid Black Sabbath
84%
Rumours Fleetwood Mac
80%
OK Computer Radiohead
80%
___ ________ IV Led Zeppelin
77%
The Joshua Tree U2
77%
Appetite for Destruction Guns N' Roses
75%
A Night At The Opera Queen
72%
Pet Sounds The Beach Boys
71%
Definitely Maybe Oasis
55%
The Black Parade My Chemical Romance
54%
Ten Pearl Jam
53%
Toxicity System of a Down
50%
Hybrid Theory Linkin Park
48%
Meteora Linkin Park
48%
Hysteria Def Leppard
47%
Automatic for the People R.E.M.
45%
Dirt Alice In Chains
41%
Superunknown Soundgarden
41%
Moving Pictures Rush
40%
The Downward Spiral Nine Inch Nails
38%
Cowboys From Hell Pantera
38%
Black Holes and Revelations Muse
35%
Fear of the Dark Iron Maiden
34%
Aftermath The Rolling Stones
34%
White Pony Deftones
31%
Rust In Peace Megadeth
31%
Reign In Blood Slayer
30%
____ _______ ___ _______ Rage Against the Machine
28%
Iowa Slipknot
28%
Follow the Leader Korn
23%
Escape Journey
21%
Antichrist Superstar Marilyn Manson
21%
Wish The Cure
18%
City of Evil Avenged Sevenfold
14%
Out of the Blue Electric Light Orchestra
11%
______ Boston
5%
No matching quizzes found
Score Distribution
Percent of People with Each Score
Percentile by Number Answered
Your Score History
You have not taken this quiz